000 00586nam a2200193 i 4500
001 50482
003 ES-MaACL
005 20251114150613.0
007 t|
008 030805s1969 sp ||||1| spa d
100 1 _aCullen, Thomas.
_942142
245 1 0 _aOtoño de terror
_b: (Jack el destripador) /
_cTom Cullen ; [versión Miguel Giménez Sales].
250 _a[1ª ed.].
260 _aBarcelona :
_bPicazo,
_c1969.
300 _a338 p., 8 lám. ;
_c22 cm.
700 1 _aGiménez Sales, Miguel,
_d1922-
_957067
852 _aES-MaACL
_jC-36447
_bR.69736
999 _c50482
_d50482